000 00339nam a2200109Ia 4500
008 220204s9999 xx 000 0 und d
082 _aNR:63ASR
_bRRM.3
245 0 _aBenefits of economics of scale in the marketing of smallholders' rubber
260 _aKuala Lumpur
_bRRIM
_c1976
490 _a Agricultural Series Report. No.3
942 _cBK
999 _c34278
_d34278